| 000 | 00838nac a22002657a 4500 | ||
|---|---|---|---|
| 001 | BR0700705 | ||
| 003 | BR-BrBNA | ||
| 005 | 20240105123352.0 | ||
| 008 | 230509b bl.|||m| |||| 00| 0 por d | ||
| 040 |
_aBR-BrBNA _bpor _cBiblioteca Nacional de Agricultura |
||
| 072 | _aE70; E16 | ||
| 090 | _aE70 BR0700705 | ||
| 110 | 1 |
_aSecretaria de Agricultura, Irrigação e Reforma Agrária, Salvador, BA (Brasil) _98682 |
|
| 245 | 1 | _aPIB do agronegócio baianho 2000 a 2005 | |
| 260 | 3 |
_aSalvador, BA (Brasil): _c2006. |
|
| 300 | _a64 p. | ||
| 490 |
_aSérie Estudos Agrícolas (Brazil) _vno. 6 _x |
||
| 650 | _aAGRONEGÓCIO | ||
| 650 | _aPRODUTO INTERNO BRUTO | ||
| 650 | _aECONOMIA AGRÍCOLA | ||
| 650 | _aESTATÍSTICA DE PRODUÇÃO | ||
| 650 | _aBAHIA | ||
| 909 |
_a202312 _bLúcia Elande _c55 _dLúcia Elande |
||
| 942 |
_2AGRIS _n0 _cMS |
||
| 999 |
_c295149 _d295149 |
||